
Library Catalogue

| 000 -LEADER | |
|---|---|
| fixed length control field | 01175nam a2200241Ia 4500 |
| 003 - CONTROL NUMBER IDENTIFIER | |
| control field | OSt |
| 005 - DATE AND TIME OF LATEST TRANSACTION | |
| control field | 20260108112027.0 |
| 008 - FIXED-LENGTH DATA ELEMENTS--GENERAL INFORMATION | |
| fixed length control field | 160316s2016 xxu||||| |||| 00| 0 eng d |
| 020 ## - INTERNATIONAL STANDARD BOOK NUMBER | |
| International Standard Book Number | 9780374273538 |
| 040 ## - CATALOGING SOURCE | |
| Transcribing agency | nls |
| 082 ## - DEWEY DECIMAL CLASSIFICATION NUMBER | |
| Classification number | 303.483 FRI |
| 100 ## - MAIN ENTRY--PERSONAL NAME | |
| Personal name | Friedman Thomas L |
| 245 ## - TITLE STATEMENT | |
| Title | Thank You for Being Late : An optimists guide to thriving in the age of accelerations |
| 260 ## - PUBLICATION, DISTRIBUTION, ETC. | |
| Place of publication, distribution, etc. | London : |
| Name of publisher, distributor, etc. | Penguin Books ; |
| Date of publication, distribution, etc. | 2016 |
| 300 ## - PHYSICAL DESCRIPTION | |
| Extent | 486p |
| Dimensions | |
| 365 ## - TRADE PRICE | |
| Price amount | Rs. 799 |
| 505 ## - FORMATTED CONTENTS NOTE | |
| Formatted contents note | Contents: Part I. Reflecting. Thank you for being late --<br/>Part II. Accelerating. What the hell happened in 2007? --<br/>Moore's law --<br/>The supernova --<br/>The market --<br/>Mother Nature --<br/>Part III. Innovating. Just too damned fast --<br/>Turning AI into IA --<br/>Control vs. Kaos --<br/>Mother Nature as political mentor --<br/>Is God in cyberspace? --<br/>Always looking for Minnesota --<br/>You can go home again (and you should!) --<br/>Part IV. Anchoring. From Minnesota to the world and back.<br/> |
| 650 ## - SUBJECT ADDED ENTRY--TOPICAL TERM | |
| Topical term or geographic name entry element | Technological Innovations - Social Aspects |
| 650 ## - SUBJECT ADDED ENTRY--TOPICAL TERM | |
| Topical term or geographic name entry element | Technology & Civilization - Geopolitics |
| 650 ## - SUBJECT ADDED ENTRY--TOPICAL TERM | |
| Topical term or geographic name entry element | Political Participation - Globalization |
| 700 ## - ADDED ENTRY--PERSONAL NAME | |
| Personal name | |
| -- | |
| 942 ## - ADDED ENTRY ELEMENTS (KOHA) | |
| Source of classification or shelving scheme | Dewey Decimal Classification |
| Koha item type | BOOKs |
| Withdrawn status | Lost status | Damaged status | Not for loan | Home library | Current library | Shelving location | Date acquired | Cost, normal purchase price | Total Checkouts | Full call number | Barcode | Date last seen | Price effective from | Koha item type |
|---|---|---|---|---|---|---|---|---|---|---|---|---|---|---|
| NLS | NLS | 30/05/2017 | 799.00 | 303.483 FRI | 34728 | 30/05/2017 | 30/05/2017 | BOOKs | ||||||
| NLS | NLS | 30/05/2017 | 799.00 | 303.483 FRI-2 | 34969 | 30/05/2017 | 30/05/2017 | BOOKs |